书目信息 |
| 题名: |
正投影原理及作法
|
|
| 作者: | 林钧齐 编著 | |
| 分册: | ||
| 出版信息: | 北京 机械工业出版社 1965 |
|
| 页数: | 70页 | |
| 开本: | 20cm | |
| 丛书名: | 机械工人学习材料 | |
| 单 册: | ||
| 中图分类: | O185.1 | |
| 科图分类: | ||
| 主题词: | 几何 , 拓扑 | |
| 电子资源: | ||
| ISBN: | ||
| 000 | 00657nam0 2200241 450 | |
| 001 | 0631225101 | |
| 005 | 20060522085107.09 | |
| 010 | @dCNY0.18 | |
| 091 | @aT15033.3934 | |
| 100 | @a20060222d1965 km y0chiy0120 ea | |
| 101 | 0 | @achi |
| 102 | @aCN@b110000 | |
| 200 | 1 | @a正投影原理及作法@Azheng tou ying yuan li ji zuo fa@f林钧齐编著@Flin jun qi bian zhu |
| 210 | @a北京@c机械工业出版社@d1965 | |
| 215 | 1 | @a70页@c图表@d20cm |
| 225 | 2 | @a机械工人学习材料 |
| 410 | 0 | @12001 @a机械工人学习材料 |
| 606 | 0 | @a几何 |
| 606 | 0 | @a拓扑 |
| 690 | @aO185.1@v4 | |
| 701 | 0 | @a林钧齐@Alin jun qi@4编著 |
| 801 | 0 | @aCN@bPFT@c20060522 |
| 905 | @a10447@dO185.1@e13 | |
| 正投影原理及作法/林钧齐编著.-北京:机械工业出版社,1965 |
| 70页:图表;20cm.-(机械工人学习材料) |
| ISBN :CNY0.18 |
| ● |
| 相关链接 |
|
|
|
|
正题名:正投影原理及作法
索取号:O185.1/13
 
预约/预借
| 序号 | 登录号 | 条形码 | 馆藏地/架位号 | 状态 | 备注 |
| 1 | 0007856 | 202297950 | 密集书库/ [索取号:O185.1/13] | 在馆 | |
| 2 | 0007961 | 202324109 | 密集书库/ [索取号:O185.1/13] | 在馆 | |
| 3 | 0008483 | 202324056 | 密集书库/ [索取号:O185.1/13] | 在馆 | |
| 4 | 0008484 | 202297914 | 密集书库/ [索取号:O185.1/13] | 在馆 | |
| 5 | 0008485 | 000406590 | 密集书库/ [索取号:O185.1/13] | 在馆 | |
| 6 | 0008486 | 202283457 | 密集书库/ [索取号:O185.1/13] | 在馆 | |
| 7 | 0008487 | 202327197 | 密集书库/ [索取号:O185.1/13] | 在馆 | |
| 8 | 0008488 | 202327231 | 密集书库/ [索取号:O185.1/13] | 在馆 | |
| 9 | 0008489 | 202297941 | 密集书库/ [索取号:O185.1/13] | 在馆 | |
| 10 | 0008490 | 202297905 | 密集书库/ [索取号:O185.1/13] | 在馆 | |
| 11 | 0008491 | 202327268 | 密集书库/ [索取号:O185.1/13] | 在馆 | |
| 12 | 0008492 | 202193893 | 密集书库/ [索取号:O185.1/13] | 在馆 | |
| 13 | 0008493 | 202324029 | 密集书库/ [索取号:O185.1/13] | 在馆 | |
| 14 | 0008494 | 202283484 | 密集书库/ [索取号:O185.1/13] | 在馆 | |
| 15 | 0008495 | 000406607 | 密集书库/ [索取号:O185.1/13] | 在馆 | |
| 16 | 0008496 | 202327222 | 密集书库/ [索取号:O185.1/13] | 在馆 |